LDR 00932naa#a2200181#i#450# 001 RU\INFRA-M\bibl\49984 005 20260516064755.6 011 ## _a2500-0519 100 ## _a20220630b2022####ek#y0rusy0150####ca 102 ## _aRU 200 1# _aОсобенности перевода композитов хирургического инструментария с немецкого на русский язык _eЖурнальная статья 210 1# _aМосква _cОбщество с ограниченной ответственностью «Научно-издательский центр ИНФРА-М» _d2022 215 ## _a4 с. 608 ## _aЖурнальная статья _2local 675 ## _aОбщие вопросы филологии, лингвистики и литературы. Риторика. 80 _z 700 #1 _aЛапина _gЕвгения Сергеевна 700 #1 _aСмирнова _gА. Г. 856 4# _anaukaru.ru _u